Piłkarska kariera Jakuba Błaszczykowskiego. - Statystyki

Ogólne statystyki
  • Ten quiz został rozwiązany 232 razy
  • Średni wynik to 5 z 7
Statystyki odpowiedzi
Lata Drużyna % Poprawnych
2007-2015 Borussia Dortmund
99%
2016-2016 Borussia Dortmund
99%
2005-2007 Wisła Kraków
97%
2019-teraz Wisła Kraków
97%
2016-2019 Wolfsburg
81%
2015-2016 Fiorentina
69%
2003-2005 Stradom Częstochowa
2%
Nie znaleziono quizów pasujących do podanych kryteriów
Rozkład punktacji
Procent ludzi z każdym wynikiem
Percentyl według liczby udzielonych odpowiedzi
Twoja historia wyników
Nie rozwiązałeś tego quizu